000 01958njm0a2200421 4500
001 RU\NLR\ONIZ\304919
005 20250708194428.0
035 _a(NLR Aleph) 022386787
071 0 0 _aД-05676-7
090 _a13286064
_c13286064
100 _a20241015f19561961|||y0rusy50 ca
102 _aRU
126 _aabaxexu ux
_bxxx
127 _a004000
128 _ddm
145 0 _ab
200 1 _aСимфония
_bЗвукозапись
_eре минор
_fЦ. Франк
_gисполняет: Симфонический оркестр Всесоюзного радио, дирижер А. Янсонс
203 _aМузыка
_bисполнительская
_cаудио
210 _aЛенинград
_cАккорд
_d[19--]
215 _a1 грп. [ГОСТ 5289-56] (40 мин) : 33 об/мин, моно
_d30 см, в конв.
300 _aЗаписано ВСГ
606 1 _aСимфонии для симфонического оркестра
_yФранция
_z19 в.
_jЗвукозапись
_2nlr_sh
_7ca
606 1 _aДирижёры латвийские советские
_z20 в.
_jЗвукозапись
_2nlr_sh
_7ca
606 1 _aОркестры симфонические советские
_z20 век
_jЗвукозапись
_2nlr_sh
686 0 _aЩ951.1-040(4Фр)
700 1 _9z01790
_aФранк
_bС.
_cкомпозитор
_f1822-1890
_gСезар
_4230
_7ca
702 1 _9z02790
_aЯнсонс
_bА. К.
_cдирижёр
_f1914-1984
_gАрвид Кришевич
_4340
_7ca
712 0 2 _aСимфонический оркестр Всесоюзного Радио
_4590
_7ca
790 1 _9z01700
_aFranck
_bC.
_ccomposer
_f1822-1890
_gCésar
_4230
_7ba
790 1 _9z02702
_aJansons
_bA.
_f1914-1984
_gArvīds
_4340
_7ba
801 0 _aRU
_bNLR
_c20241015
_gPSBO
801 1 _aRU
_bNLR
_c20241015
_2rusmarc
801 2 _aRU
_bNLR
_c20241015
852 _aNLR
_bМг
_j3/188
_p543
_t1
942 _cREC
980 _aNB
980 _aONIZ